| 000 | 00515nam a2200181Ia 4500 | ||
|---|---|---|---|
| 008 | 230917s9999||||xx |||||||||||||| ||und|| | ||
| 020 | _cEUR89.99 | ||
| 040 |
_e247874 _aMAIN |
||
| 041 | _aEnglish | ||
| 082 | _a519.2 C196P(2) | ||
| 100 | _aCarlton, Matthew A | ||
| 245 | 0 | _aProbability with applications in engineering science and technology | |
| 250 | _a2nd ed. | ||
| 260 |
_aCham _bSpringer Nature _c2017 |
||
| 300 | _axxv, 610 p. | ||
| 500 | _a3145 31/05/2018 IBS18/22 01/06/2018 Main Budget | ||
| 942 | _cBK | ||
| 999 |
_c26977 _d26977 |
||